| 000 | 01285nam a2200349 i 4500 | ||
|---|---|---|---|
| 005 | 20210818181353.0 | ||
| 008 | 160621s2013 ck d gr 000 0dspa d | ||
| 020 | _a9789587621204 | ||
| 040 |
_bspa _aCOMFC _erda |
||
| 041 | _aspa | ||
| 100 | 1 |
_9707 _aEstupiñán Gaitán, Rodrigo _eaut |
|
| 245 | 1 | 0 |
_aNIC/NIIF transición y adopción en la empresa _bimplementación por primera vez de las NIIF plenas o full y de la NIIF para las PYMES _cRodrigo Estupiñán Gaitán |
| 250 | _aPrimera edición | ||
| 260 | _a | ||
| 264 | 0 | 1 |
_aBogotá _bEdiciones de la U _c2013 |
| 300 |
_a294 páginas _bgráficas _c24 cm |
||
| 336 |
_2rdacontent _atxt |
||
| 337 |
_2rdamedia _an |
||
| 338 |
_2rdacarrier _anc |
||
| 490 |
_952386 _aContabilidad y Finanzas |
||
| 500 | _aIncluye datos biográficos del autor | ||
| 504 | _aIncluye bibliografía | ||
| 082 | 0 | 1 |
_a657.32 _bES82n |
| 650 | 0 |
_914806 _aEstados Financieros |
|
| 650 | 0 |
_954235 _aNormas Internacionales de Información Financiera |
|
| 650 | 0 |
_954236 _aPlan Metodológico |
|
| 650 | 0 |
_954237 _aProcedimiento para la Conversión |
|
| 650 | 0 |
_954238 _aMedición Inicial |
|
| 650 | 0 |
_954239 _aPolíticas Contables |
|
| 650 | 0 |
_954240 _aAdopción de las NIIF |
|
| 942 |
_2ddc _h657.32 ES82n _k657.32 _mES82n |
||
| 999 |
_c10044 _d10044 |
||